Záhada bielych škvŕn

Bibliographic Details
Main Author: Posluchová, Katarína (Author)
Format: Article
Language:Slovak
PhysicalDescription:Fotogr.
ISSN:0044-1953
Subjects:

MARC

LEADER 00000nab a2200000 ar4500
001 vtls009290529
003 SK-MaSNL
005 20260303172414.0
008 080429c2008 xo |||||| | ||00 b|slo
015 |a SNBRB2008/04  |2 snkbucl 
038 |a SNKBUCL 
040 |a SNKBUCL  |b slo  |c SNKBUCL  |e AACR2 
041 0 |a slo 
044 |a xo  |c SK 
080 |a 616.5-003.829  |2 1997 
100 1 |a Posluchová, Katarína  |4 aut  |9 1043291 
245 1 0 |a Záhada bielych škvŕn  |c napísala: Katarína Posluchová 
300 |b Fotogr. 
505 8 |a Pigment sa mi pomaly vracia ; Vitiligo odoláva 
650 0 7 |a vitiligo  |2 snkbucl  |9 14360 
650 0 7 |a fototerapia  |2 snkbucl  |9 14120 
773 0 |t Zdravie  |g Roč. 64, (február 2008), s. 40-45  |x 0044-1953 
852 |a SNK  |b KIS3GCP 
958 |a MI 
999 |c 2086327  |d 2088257